Introduction to management accounting / (Record no. 10068)
[ view plain ]
| 000 -LEADER | |
|---|---|
| fixed length control field | 01643nam a22002057a 4500 |
| 005 - DATE AND TIME OF LATEST TRANSACTION | |
| control field | 20230928132142.0 |
| 008 - FIXED-LENGTH DATA ELEMENTS--GENERAL INFORMATION | |
| fixed length control field | 230928b ||||| |||| 00| 0 eng d |
| 020 ## - INTERNATIONAL STANDARD BOOK NUMBER | |
| International Standard Book Number | 9780131273078 |
| 050 ## - LIBRARY OF CONGRESS CALL NUMBER | |
| Classification number | HF5686.C8 H67(13e) |
| 100 ## - MAIN ENTRY--PERSONAL NAME | |
| 9 (RLIN) | Horngren, Charles T. |
| 245 ## - TITLE STATEMENT | |
| Title | Introduction to management accounting / |
| Statement of responsibility, etc. | Charles T. Horngren ... [et al.] |
| 250 ## - EDITION STATEMENT | |
| Edition statement | 13th ed. |
| 260 ## - PUBLICATION, DISTRIBUTION, ETC. | |
| Place of publication, distribution, etc. | Upper Saddle River : |
| Name of publisher, distributor, etc. | Pearson Education Inc., |
| Date of publication, distribution, etc. | 2005. |
| 300 ## - PHYSICAL DESCRIPTION | |
| Extent | xviii, 824 p. : |
| Other physical details | ill. ; |
| Dimensions | 28 cm. |
| 500 ## - GENERAL NOTE | |
| General note | Includes appendix, glossary and index. |
| 505 ## - FORMATTED CONTENTS NOTE | |
| Formatted contents note | Contents: Part 1: Focus on decision making: Managerial accounting and the business organization -- Introduction to cost behavior and cost-volume relationships -- Measurement of cost behavior -- Cost management systems and activity-based costing -- Relevant information and decision making: marketing decisions -- Relevant information and decision making: production decisions -- Part 2: Accounting for planning and control: The master budget -- Flexible budgets and variance analysis -- Management control systems and responsibility accounting -- Management control in decentralized organizations -- Part 3: Capital Budgeting: Capital budgeting -- Part 4: Product costing: Cost allocation -- Accounting for overhead costs -- Job-costing and process-costing systems -- Part 5: Basic financial accounting: Basic accounting: concepts, techniques, and conventions -- Understanding corporate annual reports: basic financial statements -- Understanding and analyzing consolidated financial statements. |
| 700 ## - ADDED ENTRY--PERSONAL NAME | |
| Personal name | Sundem, Gary L. |
| 9 (RLIN) | 2440 |
| 700 ## - ADDED ENTRY--PERSONAL NAME | |
| Personal name | Stratton, William O. |
| 9 (RLIN) | 2441 |
| 942 ## - ADDED ENTRY ELEMENTS (KOHA) | |
| Source of classification or shelving scheme | Library of Congress Classification |
| Koha item type | Books |
| Withdrawn status | Lost status | Source of classification or shelving scheme | Damaged status | Not for loan | Home library | Current library | Shelving location | Date acquired | Total Checkouts | Full call number | Barcode | Date last seen | Copy number | Price effective from | Koha item type |
|---|---|---|---|---|---|---|---|---|---|---|---|---|---|---|---|
| Library of Congress Classification | WISCONSIN INTERNATIONAL UNIVERSITY COLLEGE, GHANA - MAIN LIBRARY | WISCONSIN INTERNATIONAL UNIVERSITY COLLEGE, GHANA - MAIN LIBRARY | General Stacks | 28/09/2023 | HF5686.C8 H67(13e) | 9423/124/23 | 28/09/2023 | 1 | 28/09/2023 | Books | |||||
| Library of Congress Classification | WISCONSIN INTERNATIONAL UNIVERSITY COLLEGE, GHANA - MAIN LIBRARY | WISCONSIN INTERNATIONAL UNIVERSITY COLLEGE, GHANA - MAIN LIBRARY | General Stacks | 28/09/2023 | HF5686.C8 H671(13e) | 9424/125/23 | 28/09/2023 | 2 | 28/09/2023 | Books |
